000 00389nam a2200169 i 4500
001 bg
100 1 _aCHOREŃ, Olga.
245 0 _aTurbo Pascal 4.0 /
_cO. Choreń, U. Łosoś.
260 _aGdańsk,
_c1988.
630 0 9 _aPASCAL
700 1 _aŁOSOŚ, U.
040 _cBPK
041 _apol
080 _a681.322.06:519.682
942 _cKS
008 s pl f |000 0 pol
999 _c3699
_d3699
856 _uhttp://koha.tu.koszalin.pl/cgi-bin/koha/opac-detail.pl?biblionumber=3699
_yKatalog online BPK